[Event "FIDE-Wch k.o."]
[Site "Las Vegas"]
[Date "1999.08.03"]
[Round "2.1"]
[White "Ponomariov, Ruslan"]
[Black "Topalov, Veselin"]
[Result "1-0"]
[WhiteElo "2616"]
[BlackElo "2690"]
[Annotator "Atlas,V"]
[PlyCount "105"]
[EventDate "1999.07.31"]
[EventType "k.o."]
[EventRounds "7"]
[EventCountry "USA"]
[SourceTitle "CBM 072"]
[Source "ChessBase"]
[SourceDate "1999.10.01"]
[SourceVersion "1"]
[SourceVersionDate "1999.10.01"]
[SourceQuality "1"]

{[%mdl 4128]} 1. e4 c5 2. Nf3 d6 3. d4 cxd4 4. Nxd4 Nf6 5. Nc3 a6 6. Be3 Ng4 7.
Bg5 h6 8. Bh4 g5 9. Bg3 Bg7 10. Bc4 $5 {Quite a rare move in this position,
which is getting increasingly popular in the modern practice.} Nc6 (10... Ne5
11. Bb3 Nbc6 12. Nxc6 bxc6 13. h4 g4 14. h5 Qa5 15. Qd2 Be6 16. Na4 Qxd2+ 17.
Kxd2 Rb8 18. Rad1 Rb4 19. Rhe1 Bf6 20. Kc1 O-O 21. Bf4 Kh7 22. Bd2 Bg5 23. Nc3
{1/2-1/2 Heiduczek,J-Kargoll,B/Passau 1998/EXT 99 (61)}) 11. Nxc6 bxc6 12. h4 (
{Other options are:} 12. Qf3 Rf8 13. Bb3 Ne5 14. Qe3 Rb8 15. O-O Qb6 16. Qe2
Rh8 17. Kh1 h5 18. f4 gxf4 19. Bxf4 Bg4 20. Qd2 Be6 21. Rad1 Qa5 22. Qe1 h4 23.
h3 Nc4 24. Bc1 Kd7 25. Qf2 Rb7 {1/2-1/2 Anand,V-Topalov,V/Monte Carlo 1998/CBM
63 ext (36)}) ({and} 12. Qd2 Qa5 13. Bb3 Be6 14. Nd1 Qxd2+ 15. Kxd2 d5 16. f3
Nf6 17. Nf2 Nh5 18. exd5 Bxd5 19. Nd3 Nxg3 20. hxg3 O-O-O 21. Bxd5 Rxd5 22.
Rae1 e6 23. Kc1 Kc7 24. g4 Kd6 25. Re4 Rd4 26. Rxd4+ Bxd4 27. Kd2 f5 28. gxf5
exf5 {1/2-1/2 Turzo,A-Avrukh,B/Szeged 1994/TD (42)}) 12... Qa5 $5 ({In his
game with Anand in Linares 1998, Topalov opted for} 12... Qb6 {, but after} 13.
Bb3 Bd7 14. hxg5 O-O-O 15. Qd2 hxg5 16. Rxh8 Rxh8 17. O-O-O Ne5 18. f3 Qa5 19.
Kb1 Bf6 20. Qe3 Kb7 21. Bf2 Rb8 22. g3 Kc8 23. Qe2 Ng6 24. Be1 Qb6 25. Na4 Qb5
26. c4 Qb7 27. Ba5 {Anand got an advantage in the middlegame.}) {The text move
yields Black good counterchances.} 13. Qf3 Be6 14. Bxe6 fxe6 15. hxg5 (15. Qxg4
{allowed Balck to force draw after} Bxc3+ 16. bxc3 Qxc3+ 17. Ke2 Qc4+ 18. Kd2
Qd4+ $11) 15... hxg5 (15... Rb8 $5 {would more suit Topalov's style.} {Now} 16.
O-O-O $5 {leads to interesting complications:} (16. gxh6 $6 {yiedls Black
excellent play after} Rxh6 ({Premature} 16... Rxb2 {loses to} 17. hxg7 Rxh1+
18. Kd2 Rxa1 (18... Qg5+ 19. Bf4) 19. g8=Q+ Kd7 20. Qfxg4 $18) 17. Rxh6 Nxh6
18. e5 Rxb2 19. Qxc6+ Kf7 20. O-O-O Qa3 $36) 16... Rxb2 $5 (16... hxg5 $2 17.
Rxh8+ Bxh8 18. Qxg4 Bxc3 (18... Rxb2 19. Qh5+ (19. Kxb2 $4 Bxc3+ $19) 19... Kd7
20. Rxd6+ exd6 21. Qh7+) 19. bxc3 $18) (16... Qb4 17. Kd2 Qxb2 18. Rb1 Bxc3+
19. Qxc3 Qxc3+ 20. Kxc3 Rxb1 21. Rxb1 Kf7 22. gxh6 Rxh6 23. Rb6) 17. e5 $1 Nxe5
18. Bxe5 Bxe5 19. Qxc6+ Kf7 20. Rd3 $40) 16. Rxh8+ Bxh8 17. Kf1 $1 {The
strongest response. On the kingside White's king is placed most safely.} Ne5
18. Qe2 Kd7 19. Nd1 {White is planning to bring his currently passive knight
into play via e3 and restrict activity of the opponent's bishop by c2-c3.} Rb8
20. c3 Qa4 $6 ({After} 20... Qb5 21. b3 {White keeps a minimal advantage.}) 21.
Bxe5 Bxe5 22. g3 Bf6 $6 {After this passive reply White gets a durable
advantage.} ({After the appealing move} 22... Qb5 $1 {it is unclear, whether
White has anything better than trading quens, as other continuations are quite
risky for him, e.g.:} 23. c4 (23. Rc1 $2 Rh8 $1 24. c4 $2 Qa5 25. a3 Rh1+ 26.
Kg2 Qe1 $1 $17) (23. b3 Rh8 $1 24. c4 Qa5 $17) 23... Qa4 24. Kg2 (24. b3 Rxb3)
24... Rb4 {><c4, ><b2.}) 23. Kg2 a5 24. f3 {[%cal Gd1e3,Ge3g4] White hss a
slight but durable advantage due to the superirority of his knight over the
black bishop and good pawn structure.} c5 25. Ne3 Kc7 26. Qd2 Qb5 27. b3 a4 28.
Rb1 axb3 (28... Qa5 {is met by} 29. b4) 29. Rxb3 Qa4 30. Rxb8 Kxb8 31. Ng4 Kc7
32. e5 $1 {The strongest continuation. The pawn sacrifice augments White's
advantage and complicates Black's defensive task.} Bxe5 33. Nxe5 dxe5 34. Qe2
Kd6 35. c4 e4 $1 {Correct decision. Advancing his tripled e5-pawn in the
appropriate moment, Black forces its exchange for the much more valuable
a2-pawn, as 36.fe4 falls short after 36...Ke5.} 36. Qxe4 Qxa2+ 37. Kh3 Qb2 38.
Kg4 Qf2 $4 (38... Qf6 $1 {was the only defence.} 39. Kh5 Qf5 $1 {, and if} 40.
g4 {then} Qf7+ 41. Kxg5 Qf6+ 42. Kh5 Qh8+ $11) (38... Qd4 $2 {loses to} 39.
Kxg5 Qxe4 40. fxe4 Ke5 41. g4 Kxe4 42. Kh6 $18) (38... Qd2 $2 {fails to} 39. f4
) 39. f4 $1 $18 {[%cal Gf4g5,Gg5g8] After this decisive pawn advancement Black
is defenseless, as} Kd7 (39... gxf4 {39...gf4 leads to the entirely los for
Blak pawn ending.} 40. Qxf4+ Qxf4+ 41. Kxf4) 40. fxg5 Qb2 41. g6 Qf6 42. Qb7+
Kd6 43. Qb8+ Kd7 44. Kh5 e5 45. Qb7+ Kd8 46. Qd5+ Ke8 47. Qg8+ Kd7 48. Qf7 Qh8+
49. Kg4 Qh1 50. g7 Qe4+ 51. Kg5 Qe3+ 52. Kh4 Qe4+ 53. g4 {[%mdl 8192]} 1-0

[Event "Artek ol U16"]
[Site "Artek"]
[Date "1999.09.19"]
[Round "8"]
[White "Ponomariov, Ruslan"]
[Black "Petrosian, Tigran L"]
[Result "1/2-1/2"]
[WhiteElo "2616"]
[BlackElo "2222"]
[PlyCount "134"]
[EventDate "1999.09.09"]
[EventType "team"]
[EventRounds "9"]
[EventCountry "UKR"]
[SourceTitle "EXT 2000"]
[Source "ChessBase"]
[SourceDate "1999.11.16"]
[SourceVersion "1"]
[SourceVersionDate "1999.11.16"]
[SourceQuality "1"]

1. e4 c5 2. Nf3 d6 3. Bb5+ Nd7 4. d4 Ngf6 5. Nc3 cxd4 6. Qxd4 e5 7. Qd3 h6 8.
Be3 Be7 9. Bc4 O-O 10. O-O Nb6 11. Bb3 Be6 12. Rfe1 Rc8 13. Nd2 a6 14. Rad1 Qc7
15. Bxb6 Qxb6 16. Nf1 Rc7 17. Ne3 Qc5 18. Re2 b5 19. Ncd5 Nxd5 20. Bxd5 a5 21.
c3 g6 22. h3 Kg7 23. a3 Rfc8 24. Kh2 Rd8 25. g3 Bg5 26. Kg2 Bxe3 27. Rxe3 b4
28. cxb4 axb4 29. a4 Qc2 30. Qxc2 Rxc2 31. Rb3 Bxd5 32. Rxd5 Rc4 33. Rb5 Ra8
34. R5xb4 Rxa4 35. Rb7 Ra8 36. Kf3 Raa4 37. Rd7 Rab4 38. Ra3 Rc8 39. Raa7 Rb3+
40. Kg2 Rf8 41. Rab7 Rxb7 42. Rxb7 Rc8 43. b4 Rc4 44. Kf3 Kf6 45. g4 Rc3+ 46.
Kg2 h5 47. b5 hxg4 48. hxg4 Rb3 49. b6 Kg5 50. f3 f5 51. exf5 gxf5 52. Rb8 Rb2+
53. Kg3 f4+ 54. Kh3 Kg6 55. g5 d5 56. b7 Kg7 57. Re8 Rxb7 58. Rxe5 Rd7 59. Kg4
d4 60. Re2 d3 61. Rd2 Kg6 62. Kxf4 Rd8 63. Kg4 Rd5 64. f4 Rd4 65. Kf3 Kf5 66.
Ke3 Re4+ 67. Kxd3 Rxf4 1/2-1/2

[Event "Bayern-chI Bank Hofmann 3rd"]
[Site "Bad Wiessee"]
[Date "1999.10.23"]
[Round "1"]
[White "Wallhof, Dieter"]
[Black "Ponomariov, Ruslan"]
[Result "0-1"]
[WhiteElo "2026"]
[BlackElo "2616"]
[PlyCount "60"]
[EventDate "1999.10.23"]
[EventType "swiss"]
[EventRounds "9"]
[EventCountry "GER"]
[SourceTitle "EXT 2001"]
[Source "ChessBase"]
[SourceDate "2000.11.22"]
[SourceVersion "1"]
[SourceVersionDate "2000.11.22"]
[SourceQuality "1"]

1. d4 Nf6 2. Bg5 e6 3. e4 h6 4. Bxf6 Qxf6 5. Nf3 d6 6. Nc3 g6 7. Qd2 Bg7 8.
O-O-O Qe7 9. g4 a6 10. h4 b5 11. h5 g5 12. Re1 Bb7 13. Rh3 Nd7 14. d5 O-O 15.
Re3 c5 16. dxc6 Bxc6 17. Nd4 Bb7 18. Kb1 Ne5 19. Rhg3 b4 20. Na4 a5 21. Bb5
Rfc8 22. b3 Qf6 23. c3 bxc3 24. Nxc3 Rc5 25. Nde2 Rac8 26. a4 Qxf2 27. Nd1 Qf6
28. Rc3 Bxe4+ 29. Ka2 Nf3 30. Rxc5 Qa1# 0-1

[Event "Bayern-chI Bank Hofmann 3rd"]
[Site "Bad Wiessee"]
[Date "1999.10.24"]
[Round "2"]
[White "Ponomariov, Ruslan"]
[Black "Kunz, Konstantin"]
[Result "1-0"]
[WhiteElo "2616"]
[BlackElo "2200"]
[PlyCount "133"]
[EventDate "1999.10.23"]
[EventType "swiss"]
[EventRounds "9"]
[EventCountry "GER"]
[SourceTitle "EXT 2001"]
[Source "ChessBase"]
[SourceDate "2000.11.22"]
[SourceVersion "1"]
[SourceVersionDate "2000.11.22"]
[SourceQuality "1"]

1. e4 c5 2. Nf3 e6 3. d4 cxd4 4. Nxd4 a6 5. Nc3 Qc7 6. Bd3 Nc6 7. Nxc6 bxc6 8.
O-O Nf6 9. Qe2 d5 10. Re1 Bb7 11. Bg5 Be7 12. e5 Ng8 13. Bf4 Kf8 14. Na4 c5 15.
c4 d4 16. Be4 a5 17. Rad1 Bxe4 18. Qxe4 Rb8 19. Rd3 g6 20. g4 Kg7 21. h3 h5 22.
Kg2 hxg4 23. hxg4 Nh6 24. f3 Rb4 25. b3 Rbb8 26. Rdd1 Rh7 27. Rh1 Rbh8 28. Nb2
Ng8 29. Rxh7+ Rxh7 30. Nd3 Bh4 31. Rh1 Ne7 32. Bd2 Rh8 33. Qf4 Kg8 34. Rh3 g5
35. Qe4 Kg7 36. f4 gxf4 37. Nxf4 Bg5 38. Nxe6+ fxe6 39. Rxh8 Kxh8 40. Bxg5 Qc6
41. Kf3 Qxe4+ 42. Kxe4 Nc6 43. Bh6 Kg8 44. a3 Kf7 45. a4 Nb4 46. Bc1 Kg6 47.
Ba3 Na6 48. Kf3 Kg7 49. Kg3 Kf7 50. g5 Kg7 51. Bb2 Nb4 52. Bc1 Kf7 53. Kg4 Nd3
54. Bd2 Nxe5+ 55. Kf4 Nc6 56. Ke4 Kg6 57. Bf4 Nb4 58. Bd6 Na6 59. Be7 Kh5 60.
Bd8 Kg6 61. Kf4 Nb4 62. Bxa5 Nd3+ 63. Ke4 Nc1 64. Be1 d3 65. a5 d2 66. Bxd2
Nxb3 67. Bc3 1-0

[Event "Bayern-chI Bank Hofmann 3rd"]
[Site "Bad Wiessee"]
[Date "1999.10.25"]
[Round "3"]
[White "Kalka, Arkadius Georg"]
[Black "Ponomariov, Ruslan"]
[Result "0-1"]
[WhiteElo "2376"]
[BlackElo "2616"]
[PlyCount "72"]
[EventDate "1999.10.23"]
[EventType "swiss"]
[EventRounds "9"]
[EventCountry "GER"]
[SourceTitle "EXT 2001"]
[Source "ChessBase"]
[SourceDate "2000.11.22"]
[SourceVersion "1"]
[SourceVersionDate "2000.11.22"]
[SourceQuality "1"]

1. e4 d6 2. d4 Nf6 3. Nc3 g6 4. f4 Bg7 5. Nf3 O-O 6. Bd3 Na6 7. O-O c5 8. d5
Bg4 9. h3 Bxf3 10. Rxf3 Nc7 11. a4 a6 12. Qe2 b6 13. Bd2 Qc8 14. Raf1 Qb7 15.
Bc4 Nd7 16. e5 Rad8 17. e6 fxe6 18. dxe6 Nf6 19. f5 d5 20. Ba2 gxf5 21. Rxf5
Qc6 22. Bg5 c4 23. Rd1 b5 24. axb5 axb5 25. Bxf6 Rxf6 26. Rxf6 Bxf6 27. Re1 Kh8
28. Bb1 Bxc3 29. bxc3 Qd6 30. Qg4 Rf8 31. Qd4+ Rf6 32. Qa7 Rxe6 33. Qb8+ Kg7
34. Rxe6 Nxe6 35. Qxb5 Qc5+ 36. Qxc5 Nxc5 0-1

[Event "Bayern-chI Bank Hofmann 3rd"]
[Site "Bad Wiessee"]
[Date "1999.10.26"]
[Round "4"]
[White "Ponomariov, Ruslan"]
[Black "Glek, Igor Vladimirovich"]
[Result "1/2-1/2"]
[WhiteElo "2616"]
[BlackElo "2536"]
[PlyCount "46"]
[EventDate "1999.10.23"]
[EventType "swiss"]
[EventRounds "9"]
[EventCountry "GER"]
[SourceTitle "EXT 2001"]
[Source "ChessBase"]
[SourceDate "2000.11.22"]
[SourceVersion "1"]
[SourceVersionDate "2000.11.22"]
[SourceQuality "1"]

1. e4 e6 2. d4 d5 3. Nd2 c5 4. Ngf3 cxd4 5. exd5 Qxd5 6. Bc4 Qd6 7. O-O Nf6 8.
Nb3 Nc6 9. Nbxd4 Nxd4 10. Nxd4 a6 11. Bd3 g6 12. Nf3 Bg7 13. Bb5+ Ke7 14. Qxd6+
Kxd6 15. Be2 Ke7 16. Rd1 b6 17. Bd2 a5 18. Bc3 Bb7 19. Bd4 Rhc8 20. c3 Ba6 21.
Kf1 a4 22. Bxa6 Rxa6 23. Rd3 Kf8 1/2-1/2

[Event "Bayern-chI Bank Hofmann 3rd"]
[Site "Bad Wiessee"]
[Date "1999.10.29"]
[Round "7"]
[White "Klundt, Klaus"]
[Black "Ponomariov, Ruslan"]
[Result "0-1"]
[WhiteElo "2407"]
[BlackElo "2616"]
[PlyCount "98"]
[EventDate "1999.10.23"]
[EventType "swiss"]
[EventRounds "9"]
[EventCountry "GER"]
[SourceTitle "EXT 2001"]
[Source "ChessBase"]
[SourceDate "2000.11.22"]
[SourceVersion "1"]
[SourceVersionDate "2000.11.22"]
[SourceQuality "1"]

1. e4 d6 2. d4 Nf6 3. Nc3 g6 4. Nf3 Bg7 5. Be2 O-O 6. O-O e6 7. Re1 Nc6 8. Be3
h6 9. h3 b6 10. Qd2 Kh7 11. Rad1 Ne7 12. Bf4 Bb7 13. Bd3 a6 14. Qe2 b5 15. Nb1
Nd7 16. Nbd2 e5 17. dxe5 dxe5 18. Bg3 c6 19. c3 Qc7 20. Bc2 Nc5 21. Nb3 Na4 22.
Bb1 c5 23. Rd2 c4 24. Nc1 Rad8 25. Red1 Nc6 26. Rd5 Bc8 27. Bh4 f6 28. Bg3 Be6
29. R5d2 Qe7 30. Nh2 h5 31. Rxd8 Rxd8 32. Rxd8 Qxd8 33. Qc2 Bh6 34. Nf1 f5 35.
f3 Qg5 36. Ne2 f4 37. h4 Qd8 38. Bf2 Bf8 39. b3 Nc5 40. Nc1 Nd7 41. Qd2 a5 42.
Bc2 Qc7 43. Qe2 Ba3 44. Qd1 Bc5 45. Qd2 Bxf2+ 46. Qxf2 b4 47. bxc4 bxc3 48. Ne2
Bxc4 49. Nxc3 Nd4 0-1

[Event "Bayern-chI Bank Hofmann 3rd"]
[Site "Bad Wiessee"]
[Date "1999.10.31"]
[Round "9"]
[White "Grabarczyk, Miroslaw"]
[Black "Ponomariov, Ruslan"]
[Result "0-1"]
[WhiteElo "2484"]
[BlackElo "2616"]
[PlyCount "98"]
[EventDate "1999.10.23"]
[EventType "swiss"]
[EventRounds "9"]
[EventCountry "GER"]
[SourceTitle "EXT 2001"]
[Source "ChessBase"]
[SourceDate "2000.11.22"]
[SourceVersion "1"]
[SourceVersionDate "2000.11.22"]
[SourceQuality "1"]

1. d4 Nf6 2. c4 c5 3. d5 b5 4. cxb5 a6 5. b6 g6 6. Nc3 d6 7. Nf3 Nbd7 8. a4 a5
9. e4 Bg7 10. Bb5 O-O 11. O-O Nxb6 12. h3 Ne8 13. Bf4 Bb7 14. e5 Rb8 15. Re1
Nc7 16. exd6 exd6 17. Ne4 Nc8 18. Bc4 h6 19. h4 Ba6 20. Nfd2 Rxb2 21. Bxa6 Nxa6
22. Nc4 Rb4 23. Rc1 Rxc4 24. Rxc4 Nb4 25. Rc1 f5 26. Nc3 Qxh4 27. g3 Qh3 28.
Nb5 g5 29. Bxd6 Nxd6 30. Nxd6 f4 31. Qf3 Bd4 32. Qg2 Qxg2+ 33. Kxg2 f3+ 34. Kf1
Nd3 35. Red1 Nxc1 36. Rxc1 Rd8 37. Nc4 Rxd5 38. Nxa5 Bb2 39. Rb1 Bc3 40. Nc6
Kf7 41. g4 c4 42. Kg1 Rd6 43. Na7 Rd4 44. Rb7+ Ke6 45. Rb6+ Kd5 46. Rb5+ Ke4
47. Nc6 Rd1+ 48. Kh2 Bd2 49. Re5+ Kd3 0-1

[Event "EU-chT (Men) 12th"]
[Site "Batumi"]
[Date "1999.12.01"]
[Round "3.4"]
[White "Ponomariov, Ruslan"]
[Black "Fressinet, Laurent"]
[Result "1-0"]
[WhiteElo "2616"]
[BlackElo "2440"]
[Annotator "Mueller,Karsten"]
[PlyCount "42"]
[EventDate "1999.11.06"]
[EventType "team-swiss"]
[EventRounds "9"]
[EventCountry "GEO"]
[SourceTitle "CBM 074"]
[Source "ChessBase"]
[SourceDate "2000.02.01"]
[SourceVersion "1"]
[SourceVersionDate "2000.02.01"]
[SourceQuality "1"]
[WhiteTeam "Ukraine"]
[BlackTeam "France"]
[WhiteTeamCountry "UKR"]
[BlackTeamCountry "FRA"]

1. e4 d5 2. exd5 Qxd5 3. Nc3 Qd6 4. Nf3 Nf6 5. d4 a6 6. Bc4 Nbd7 $6 (6... e6 7.
Qe2 b5 8. Bb3 Bb7 9. Be3 Nbd7 $11 {0-1 Varga,Z-Kalinitschew,S/Budapest 1996/
EXT 96b (23)}) 7. O-O (7. Bb3 e6 8. Qe2 h6 9. O-O Be7 10. Rd1 $14 {1-0 Zhelnin,
V-Zaitsev,V/St. Petersburg 1999/CBM 71 (43)}) 7... b5 8. Bb3 Bb7 $2 (8... h6 9.
Re1 $14 {/+/-}) (8... e6 9. Ng5 h6 10. Nge4 $14 {/+/-}) 9. Ng5 $1 $18 {auf den
ersten Blick ist es etwas überraschend, aber Schwarz kann sich nun wegen
seines Entwicklungsrückstandes und der ungünstigen Stellung seiner Dame nicht
mehr verteidigen.} e6 (9... Nd5 10. Nxf7 Kxf7 11. Nxd5 c5 (11... Bxd5 12. Qh5+
$18) 12. Qf3+ (12. Bf4 $5) 12... Ke8 13. Bf4 Qc6 14. dxc5 (14. Qh5+ $5) 14...
Nxc5 15. Rfd1 $18) 10. Re1 Be7 11. Nxe6 $3 {[%mdl 512] der Einschlag auf dem
richtigen Punkt.} (11. Nxf7 $2 {wäre hingegen wegen} Kxf7 12. Rxe6 Qxe6 13.
Bxe6+ Kxe6 {nicht klar.}) 11... fxe6 12. Rxe6 Qb4 13. a3 Qa5 14. Bd2 b4 15.
axb4 Qf5 16. Qe2 Ng8 17. Ra5 $1 Qf8 (17... c5 18. dxc5 Rc8 19. c6 $18) 18. Nd5
Kd8 (18... Bxd5 19. Bxd5 Rb8 20. Bc6 Kd8 21. Rxa6 Ngf6 22. b5 $18) 19. b5 Bd6 (
19... axb5 20. Qxb5 Rb8 (20... Bxd5 21. Qxd5 Rc8 22. Ra8 $18) 21. Nxe7 Nxe7 22.
Bg5 $18) 20. bxa6 Bc6 21. Nb4 Nb8 (21... Bxb4 22. Bxb4 Qxb4 $2 23. Re8#) (21...
Nb8 22. Nxc6+ Nxc6 23. Qe4 Nge7 24. Bg5 Kd7 25. Bxe7 Nxe7 26. Rxd6+ cxd6 27.
Be6+ $18) 1-0